Abba abba /

Bibliographic Details
Main Author: Burgess, Anthony, 1917-1993 (Author)
Other Authors: Howard, Paul, 1983- (Editor)
Format: Book
Language:English
Published: Manchester : Manchester University Press, [2019]
Series:Burgess, Anthony, 1917-1993. Irwell edition of the works of Anthony Burgess.
Subjects:

MARC

Tag First Indicator Second Indicator Subfields
LEADER 00000cam a2200000 i 4500
001 in00004064005
005 20190718165311.0
008 181128t20192019enkh b 000 f eng d
020 |a 9781526138033  |q hardback 
020 |a 1526138034  |q hardback 
035 |a (OCoLC)on1079206189 
040 |a YDX  |e rda  |c YDX  |d BDX  |d TOH  |d BUB  |d WTU  |d EUM  |d UtOrBLW 
049 |a TXAM 
050 4 |a PR6052.U638  |b A63 2019 
082 0 |a 823.914  |2 23 
100 1 |a Burgess, Anthony,  |d 1917-1993,  |e author.  |0 http://id.loc.gov/authorities/names/n78095525 
245 1 0 |a Abba abba /  |c by Anthony Burgess ; edited with an introduction and notes by Paul Howard. 
264 1 |a Manchester :  |b Manchester University Press,  |c [2019] 
264 4 |c ©2019 
300 |a x, 299 pages :  |b facsimiles ;  |c 22 cm. 
336 |a text  |b txt  |2 rdacontent 
336 |a still image  |b sti  |2 rdacontent 
337 |a unmediated  |b n  |2 rdamedia 
338 |a volume  |b nc  |2 rdacarrier 
490 1 |a The Irwell edition of the works of Anthony Burgess 
504 |a Includes bibliographical references. 
505 0 |g Appendices.  |g 1.  |t Draft versions of 'The last judgment' /  |r Anthony Burgess and Susan Roberts --  |g 2.  |t Belli into English /  |r Anthony Burgess --  |g 3.  |t The art of liking Rome /  |r Anthony Burgess --  |g 4.  |t Thoughts on Rome /  |r Anthony Burgess --  |g 5.  |t Petrarch of the Roman gutter /  |r Anthony Burgess --  |g 6.  |t Is translation possible? /  |r Anthony Burgess. 
600 1 0 |a Keats, John,  |d 1795-1821  |v Fiction. 
600 1 0 |a Belli, Giuseppe Gioachino,  |d 1791-1863  |v Fiction. 
650 0 |a Poets  |v Fiction.  |0 http://id.loc.gov/authorities/subjects/sh2008109303 
700 1 |a Howard, Paul,  |d 1983-  |e editor.  |0 http://id.loc.gov/authorities/names/no2014034316 
710 2 |a International Anthony Burgess Foundation,  |e copyright holder. 
800 1 |a Burgess, Anthony,  |d 1917-1993.  |t Irwell edition of the works of Anthony Burgess.  |0 http://id.loc.gov/authorities/names/no2018054095 
945 |b 26211 
947 |a A14850753386 
948 |a cataloged  |b h  |c 2019/5/27  |d c  |e dmitchel  |f 11:30:20 am 
994 |a 92  |b TXA 
999 f f |s 77c6dd6c-7d54-3039-9ed0-76ed105fa03f  |i 8a8618be-7d57-3a2d-993d-6db302e20eb4  |t 0 
952 f f |p normal  |a Texas A&M University  |b College Station  |c Sterling C. Evans Library  |d Evans: Library Stacks  |t 0  |e PR6052.U638 A63 2019  |h Library of Congress classification  |i unmediated -- volume  |m A14850753386 
998 f f |a PR6052.U638 A63 2019  |t 0  |l Evans: Library Stacks